LEADER 01084nam a2200265 i 4500 001 000000105986 003 CaOOAMICUS 005 20021209000000.0 008 021209s1998 it u000 u ita u 013 $a78180 020 $a88-87005-18-4 040 $aSeMil$bita 100 1 $aJimenez Hernandez, Emiliano.$0(OLS)http://semarc/name/44630 245 10$aUomo e donna immagine di Dio :$bmorale sessuale /$cEmiliano Jimenez Hernandez. 260 $aNapoli :$bGrafite,$c1998. 300 $aXV, 214 p. ;$c21 cm. 490 0 $aBiblioteca catecumenale ;$v5 650 4$aMorale sessuale.$0(OLS)http://semarc/subject/3413 830 0$aBiblioteca catecumenale ;$v5.$0(OLS)http://semarc/title/9978 850 $aSeMil 852 $aSeMil$W1$xVenegono$y1$m2E II 365$j62141$B62141$CSeMilBibl$Z2$F73416 $81 961 $aOmaggio: Fumagalli don Aristide 996 $6020$a88-87005-18-4$9(OLS)http://semarc/number/86366 996 $6245$aUomo e donna immagine di Dio :$bmorale sessuale$9(OLS)http://semarc/title/153592 996 $6260$aNapoli :$bGrafite$9(OLS)http://semarc/publisher/32037 LEADER 01061nam a2200253 i 4500 001 000000064668 003 CaOOAMICUS 005 20060706000000.0 008 060706s1997 it u000 u ita u 013 $a35840 020 $a88-394-0546-1 040 $aSeMil$bita 245 13$aLa passione e la morte. 300 $a196 p. 490 0 $aStudi biblici ;$v115 650 4$aBibbia. Nuovo Testamento. Vangeli - Passione di Gesł.$0(OLS)http://semarc/subject/2837 650 4$aGesł Cristo - Morte.$0(OLS)http://semarc/subject/10992 773 0 $aPrete, Benedetto Ivo Cleto $tPassione e la morte di Gesł nel racconto di Luca.$dBrescia : Paideia, copyr. 1996-copyr. 1997.$gVol.2$w()1048 830 0$aStudi biblici ;$v115.$0(OLS)http://semarc/title/33 850 $aSeMil 852 $aSeMil$W1$xVenegono$y1$m2WA A 115$j245128$B30821$CSeMilBibl$Z2$F30824 $81 961 $aAcquisto: Distributore 996 $6020$a88-394-0546-1$9(OLS)http://semarc/number/41711 996 $6245$aLa passione e la morte$9(OLS)http://semarc/title/102457